Music Quiz

Random Music or Clickable Quiz

Song Lyrics Match-Up II Quiz Stats

Quiz Updated Feb 24, 2015

Challenge
Share
Tweet
Embed
Score 0/20 Timer 05:00
5 Plays Today
% Correct
Imagine (John Lennon)
89.1%
Sweet Dreams (Eurythmics)
83.2%
Hungry Like the Wolf (Duran Duran)
81%
Ironic (Alanis Morissette)
77.9%
Smells Like Teen Spirit (Nirvana)
74.6%
Ring of Fire (Johnny Cash)
73.6%
Brown Eyed Girl (Van Morrison)
69.1%
No Scrubs (TLC)
63.2%
The Devil Went Down to Georgia (Charlie Daniels Band)
60.9%
Don't Cha (Pussycat Dolls)
57.9%
% Correct
Uprising (Muse)
57.7%
U Can't Touch This (MC Hammer)
56.3%
I'm Yours (Jason Mraz)
55.7%
Like a G6 (Far East Movement)
55.1%
Strangers in the Night (Frank Sinatra)
45.5%
Bulls on Parade (Rage Against the Machine)
42.7%
One (U2)
42.4%
Rehab (Amy Winehouse)
37.9%
Think (Aretha Franklin)
27.4%
Single Ladies (Put A Ring On It) (Beyoncé)
26.1%

You're not logged in!

Compare scores with friends on all Sporcle quizzes.
Sign Up with Email
OR
Log In

You Might Also Like...

Show Comments

Extras

Top Quizzes Today


Score Distribution

Your Account Isn't Verified!

In order to create a playlist on Sporcle, you need to verify the email address you used during registration. Go to your Sporcle Settings to finish the process.